Identificación automática de modelos dinámicos
שמור ב:
| מחבר ראשי: | |
|---|---|
| מחברים אחרים: | |
| פורמט: | ספר |
| שפה: | Spanish |
| יצא לאור: |
[San José], Costa Rica
2014
|
| נושאים: | |
| תגים: |
הוספת תג
אין תגיות, היה/י הראשונ/ה לתייג את הרשומה!
|
MARC
| LEADER | 00000nam a22000007a 4500 | ||
|---|---|---|---|
| 003 | 012177 | ||
| 005 | 20230818091347.0 | ||
| 008 | 150715b2014 cr a|||| |||| 00| ||spa d | ||
| 040 | |c cru CEDI | ||
| 100 | |9 710 |a Segura Zúñiga, Mauricio,1990- | ||
| 245 | |a Identificación automática de modelos dinámicos | ||
| 260 | |a [San José], Costa Rica |c 2014 | ||
| 500 | |a Proyecto de graduación (bachillerato en ingeniería eléctrica)--Universidad de Costa Rica. Facultad de Ingeniería. Escuela de Ingeniería Eléctrica | ||
| 501 | |a Profesor Guía de IE-0499 Proyecto Eléctrico: Dr. José David Rojas Fernández | ||
| 650 | |x CONTROL AUTOMATICO |x PROGRAMAS PARA COMPUTADORA |x SISTEMAS DE CONTROL DIGITAL |x DINÁMICA |x CONTROL AUTOMATICO |x AUTOMATIZACION |x LABVIEW |9 864 | ||
| 700 | |a Rojas Fernández, José David, 1984- |d Director de Proyecto Eléctrico |9 701 | ||
| 942 | |c CEDI |h TFG 7342 |6 TFG_7342_000000000000000 | ||
| 999 | |c 13882 |d 13882 | ||
